000 00563nam a2200157 4500
001 120735
003 ES-MaACL
005 20230906191619.0
007 t|
008 070214s1905 sp r ||||1| spa d
245 0 0 _aPrados y pastos
_b: resumen hecho por la Junta Consultiva Agronómica de las Memorias sobre dicho tema remitidas por los Ingenieros del Servicio Agronómico Nacional.
260 _aMadrid :
_bHijos de M. G. Hernández,
_c1905.
300 _a356 p. ;
_c25 x 17 cm.
710 2 _aJunta Consultiva Agronómica.
_95381
852 _aES-MaACL
_jF-6476
999 _c120735
_d120735